| 000 | 00560nam a22002177a 4500 | ||
|---|---|---|---|
| 003 | OSt | ||
| 005 | 20140310184505.0 | ||
| 008 | 121112t xxu||||| |||| 00| 0 eng d | ||
| 020 | _a0439682495 | ||
| 050 |
_aPZ 7 _b.L666 2004 |
||
| 100 |
_aLeviton, Michael _924072 |
||
| 245 |
_aCyrano & the Nose / _cMichael Leviton |
||
| 260 |
_aNew York : _bScholastic Inc., _c2004. |
||
| 300 |
_a52 p. : _bill. ; _c20 cm. |
||
| 521 | _aG2 | ||
| 526 | _c450 | ||
| 650 |
_aFiction _xJuvenile _930344 |
||
| 942 |
_2lcc _cBK-SCHOLAS |
||
| 999 |
_c34822 _d34822 |
||